| 000 | 00880 a2200193 4500 | ||
|---|---|---|---|
| 003 | Nust | ||
| 005 | 20230529124507.0 | ||
| 010 | _a23005855 | ||
| 040 | _cNust | ||
| 082 | _a808.83,GRA | ||
| 100 |
_aGrahame, Kenneth, _956532 |
||
| 245 |
_aThe wind in the willows _cKenneth Grahame |
||
| 260 |
_aLondon, _bMethuen & co., ltd _c1929 |
||
| 300 |
_a4 p.l., 302 p _b1 l., col. front _cillus _eplates. (part col.) _f20 cm |
||
| 505 | _aThe rivers Bank (Page-1), The Open Road (Page-24), The Wild Wood (Page-46), Mr. Badger (Page-69), Dulice Domum (Page-93), Mr. Toad (Page-120) The Piper at the Gates of Dawn (Page-144), Toads Adventures (Page-163), Wayfarers All (Page-187), The Further Adventures of Toad (Page-217), Like Summer Temests Came his Tears (Page-247), The Return of Ulysses (Page-278). | ||
| 600 |
_aGrahame, Kenneth, _956532 |
||
| 650 |
_aNovel _92525 |
||
| 942 |
_2ddc _cBK |
||
| 999 |
_c186891 _d186891 |
||